<?xml version="1.0" encoding="UTF-8"?><?xml-stylesheet type="text/xsl" href="static/style.xsl"?><OAI-PMH xmlns="http://www.openarchives.org/OAI/2.0/" xmlns:xsi="http://www.w3.org/2001/XMLSchema-instance" xsi:schemaLocation="http://www.openarchives.org/OAI/2.0/ http://www.openarchives.org/OAI/2.0/OAI-PMH.xsd"><responseDate>2026-04-17T13:53:45Z</responseDate><request verb="GetRecord" identifier="oai:www.recercat.cat:2117/177479" metadataPrefix="marc">https://recercat.cat/oai/request</request><GetRecord><record><header><identifier>oai:recercat.cat:2117/177479</identifier><datestamp>2025-07-23T06:40:32Z</datestamp><setSpec>com_2072_1033</setSpec><setSpec>col_2072_452951</setSpec></header><metadata><record xmlns="http://www.loc.gov/MARC21/slim" xmlns:dcterms="http://purl.org/dc/terms/" xmlns:xsi="http://www.w3.org/2001/XMLSchema-instance" xmlns:doc="http://www.lyncode.com/xoai" xsi:schemaLocation="http://www.loc.gov/MARC21/slim http://www.loc.gov/standards/marcxml/schema/MARC21slim.xsd">
   <leader>00925njm 22002777a 4500</leader>
   <datafield ind2=" " ind1=" " tag="042">
      <subfield code="a">dc</subfield>
   </datafield>
   <datafield ind2=" " ind1=" " tag="720">
      <subfield code="a">Pascual Tamayo, Víctor</subfield>
      <subfield code="e">author</subfield>
   </datafield>
   <datafield ind2=" " ind1=" " tag="260">
      <subfield code="c">2018-06</subfield>
   </datafield>
   <datafield ind2=" " ind1=" " tag="520">
      <subfield code="a">El objetivo principal del proyecto es el estudio de un método de selección para el diseño de una instalación frigorífica en un hipermercado. La finalidad del trabajo es crear una plantilla capaz de seguir por cualquier técnico en el ámbito de la refrigeración. La primera parte del proyecto consiste en una aproximación teórica de la selección de instalaciones frigoríficas. Primero de todo, presentamos los conceptos básicos de refrigeración, termodinámica y componentes del sistema. Más adelante, se desarrolla el método de selección de equipamiento en un hipermercado. Para cualquier estudio como el nuestro realizado, la misión es analizar las necesidades frigoríficas derivadas de la comercialización de productos perecederos, frescos y congelados, en las distintas fases: conservación, manipulación y venta al público. Para el correspondiente cálculo de cargas térmicas se dimensionarán y seleccionarán los equipos necesarios para combatir estas cargas. Hay que tener en cuenta las características de ubicación del edificio, orientación, la distribución en el interior del mismo, los materiales de construcción, la transmisión, el factor viento y otros. La segunda parte del proyecto consiste en la definición del caso de estudio práctico. El diseño de una instalación real (un hipermercado), y la selección de todos los equipos de refrigeración. Se incluyen en este punto los aspectos eléctricos y el impacto medioambiental.</subfield>
   </datafield>
   <datafield tag="653" ind2=" " ind1=" ">
      <subfield code="a">Àrees temàtiques de la UPC::Economia i organització d'empreses</subfield>
   </datafield>
   <datafield tag="653" ind2=" " ind1=" ">
      <subfield code="a">Supermarkets</subfield>
   </datafield>
   <datafield tag="653" ind2=" " ind1=" ">
      <subfield code="a">Refrigerators--Installation</subfield>
   </datafield>
   <datafield tag="653" ind2=" " ind1=" ">
      <subfield code="a">Supermercats</subfield>
   </datafield>
   <datafield tag="653" ind2=" " ind1=" ">
      <subfield code="a">Frigorífics -- Instal·lacions</subfield>
   </datafield>
   <datafield ind2="0" ind1="0" tag="245">
      <subfield code="a">Estudio y desarrollo de un método de selección y diseño de una instalación frigorífica de un hipermercado</subfield>
   </datafield>
</record></metadata></record></GetRecord></OAI-PMH>